Analýza bezpečnosti návrhu architektúry : e-assessment" systému

Informácia o zámeroch a cieľoch dizeratačnej práce, obhajoba ktorej sa konala 5. mája 2010.

Na minha lista:
Detalhes bibliográficos
Autor principal: Rublík, Martin
Formato: Capítulo de Livro
Idioma:eslovaco
Assuntos:
Tags: Adicionar Tag
Sem tags, seja o primeiro a adicionar uma tag!

MARC

LEADER 00000naa a2200000 4500
001 0126554
005 20240502072437.4
041 0 |a slo 
044 |a SK 
245 1 0 |a Analýza bezpečnosti návrhu architektúry : e-assessment" systému  |c Martin Rublík 
520 |a Informácia o zámeroch a cieľoch dizeratačnej práce, obhajoba ktorej sa konala 5. mája 2010. 
610 2 0 |a vzdelávanie elektronické 
610 2 0 |a systémy informačné 
610 2 0 |a práce kvalifikačné 
610 2 0 |a bezpečnosť elektronická 
100 1 |a Rublík, Martin